00384 2200157 4500001002100000005001500021035002000036245003500056100002000091300002800111260003100139082000800170084001400178020002200192990001200214INLIS00000000000310320251001095328 a0010-10250000071 aDear Nathan /cErisca Febriani0 aErisca Febriani a528 hlm ;c14 x 20,5 cm aDepok :bBest Media,c2017 a813 a813 ERI d a978-602-6940-14-8 a0755523